000 00943nam a2200217 i 4500
001 59299
003 ES-MaACL
005 20251209063022.0
007 t|
008 031028s1950 ag ||||1| spa d
100 1 _aEinstein, Albert,
_d1879-1955
_946838
245 1 3 _aLa relatividad
_b: memorias originales /
_cAlbert Einstein ; [traducción y nota preliminar de Fidel Alsina Fuertes y Damián Canals Frau ; con una nota complementaria de Guido Beck].
260 _aBuenos Aires :
_bEmecé,
_c[1950] (
_fTomás Palumbo)
300 _a218 p. ;
_c18 cm.
505 8 _aContiene: Sobre la electrodinámica de los cuerpos en movimiento. ¿Depende la inercia de un cuerpo de su energía?. El fundamento de la teoría general de la relatividad
700 1 _aAlsina Fuertes, Fidel.
_920487
700 1 _aCanals Frau, Damián.
_934417
700 1 _aBeck, Guido.
_926921
852 _aES-MaACL
_jD-5685
_bR.30912
999 _c59299
_d59299